000 00806cam a2200241 a 4500
001 000013011
003 DO-SdBNP
005 20251028135949.0
008 991127s1998 ve ab b 000 0 spa
020 _a9806397878
040 _aDO-SdBNP
_bspa
_cDLC
_dBNPHU
049 _aBNGR
082 _a363.68
_bM266p
100 1 _aManara, Bruno.
_930008
245 1 0 _aParque Nacional "El Tama" /
_cBruno Manara.
260 _a[Caracas, Venezuela?] :
_bFundación Polar,
_bFundación Instituto Botánico de Venezuela,
_c1998.
300 _a169 p. :
_bil., mapas ;
_c24 cm.
504 _aIncluye referencias bibliográficas (p. 165-166).
650 4 _aParques nacionales
_zVenezuela
_930010
651 4 _aParque Nacional El Tamá (Venezuela)
_930009
910 _aCatalogación por copia / LC
942 _2ddc
_cLBS1
999 _c12658
_d12658